Logic and knowledge / (Record no. 156129)

MARC details
000 -LEADER
fixed length control field 00428nam a22001577a 4500
005 - DATE AND TIME OF LATEST TRANSACTION
control field 20180820163207.0
010 ## - LCCN (DPL NO)
LC control number BAC-EN21 ENG-111672
035 ## - SYSTEM CONTROL NUMBER
System control number A-412669
037 ## - SOURCE OF ACQUISITION
Source of stock number/acquisition BPPD/PUB
082 ## - DEWEY DECIMAL CLASSIFICATION NUMBER
Classification number 160
100 ## - MAIN ENTRY--PERSONAL NAME
Personal name Russell, Bertrand.
245 ## - TITLE STATEMENT
Title Logic and knowledge /
Statement of responsibility, etc by Bertrand Russell
260 ## - PUBLICATION, DISTRIBUTION, ETC. (IMPRINT)
Place of publication, distribution, etc London
Name of publisher, distributor, etc Unwin hyman
Date of publication, distribution, etc 1956
300 ## - PHYSICAL DESCRIPTION
Extent x, 382p.
Dimensions 21cm(Hb)
942 ## - ADDED ENTRY ELEMENTS (KOHA)
Source of classification or shelving scheme Dewey Decimal Classification
Item type English Books
Classification part 160
Call number suffix RUS
Holdings
Withdrawn status Lost status Not for loan Collection code Home library Current library Date acquired Source of acquisition Cost, normal purchase price Full call number Barcode Cost, replacement price Koha item type
      Non-fiction Shahdara Branch Shahdara Branch 20/08/2018 BPPD/PUB 0.00 160 RUS A-412669 0.00 English Books

© Delhi Public Library
Hit Counter
free hit counter